Iuvenis books Vol 2 Youth policy in Hungary - praxis

Bibliographic Details
Other Authors: Vizsnyiczay, V. (Editor)
Format: Book
Language:English
PhysicalDescription:91 s. grafy, tab 21 cm
Published: Komarno Iuvenis books 2011
ISBN:9788097070519
Edition:[1st ed.]
Subjects:

MARC

LEADER 00000cam a2200000 a 4500
001 vtls010303230
003 SK-MaSNL
005 20260302011858.0
008 180809s2011 xo da e 000 0 eng
015 |a SNBA2011/09-04890 
020 |a 9788097070519  |q (brož.) 
035 |a 9866DBE4-73D0-4B77-AEC5-7B053CE22C9B 
035 |a urn:nbn:sk:snk-amjihh 
035 |a urn:nbn:sk:snk-am001z4k 
040 |a SNK  |b slo  |c SNK  |e AACR2 
041 0 |a eng  |b eng 
043 |a e-hu--- 
044 |a xo  |c SK 
072 7 |a 316.3  |x Globálne spoločnosti. Sociálna štruktúra. Sociálne skupiny  |2 konspekt 
080 |a 316.346.32-053.6  |2 2001 
080 |a 32-053.6  |2 2001 
080 |a (439)  |2 2001 
080 |a (048.8)  |2 2001 
080 |a (=214.58)-053.6  |2 2001 
245 0 0 |a Iuvenis books  |n Vol 2  |p Youth policy in Hungary - praxis  |c [edited by V. Vizsnyiczay] 
246 3 0 |a Youth policy in Hungary - praxis 
250 |a [1st ed.] 
260 |a Komarno  |b Iuvenis books  |c 2011 
300 |a 91 s.  |b grafy, tab  |c 21 cm 
504 |a Bibliogr. odkazy. Pozn. 
546 |a Res. angl. 
650 0 7 |a mládež  |2 SNKPH  |9 1575 
650 0 7 |a Youth  |2 SNKPHeng  |9 275085 
650 0 7 |a Romani youth  |2 SNKPHeng  |9 353529 
650 0 7 |a Youth in political life  |2 SNKPHeng  |9 361792 
650 0 7 |a Sociology of youth  |2 SNKPHeng  |9 275086 
650 0 7 |a rómska mládež  |2 SNKPH  |9 63360 
650 0 7 |a mládež v politike  |2 SNKPH  |9 102628 
650 0 7 |a sociológia mládeže  |2 SNKPH  |9 15608 
651 7 |a Maďarsko  |2 SNKPH  |9 16754 
651 7 |a Hungary  |2 SNKPHeng  |9 265263 
655 7 |a štúdie  |2 SNKPH  |9 57033 
655 7 |a Studies  |2 SNKPHeng  |9 265573 
700 1 |a Vizsnyiczay, V.  |4 edt  |9 652988 
852 |a Štátna vedecká knižnica v Banskej Bystrici 
919 |a 978-80-970705-1-9 
958 |a NB 
968 |d 30/31 
999 |c 1007693  |d 1009623 
952 |a SNK  |b SNK  |y PREZ  |7 0  |p 17A0716897  |o snkSC 146514/2  |i snk2011/17827  |8 0  |0 0  |1 0  |4 0  |d 2011-08-23  |l 0  |r 2025-07-15 00:00:00  |w 2026-02-24 
952 |a SNK  |b SNK  |y VYP  |7 0  |p 17A0716896  |o snkSC 146514/2 D1  |i snk2011/17828  |8 0  |0 0  |1 0  |4 0  |d 2011-08-23  |f 1  |l 0  |r 2026-02-24 12:41:19  |w 2026-02-24